Fictional Servants Quiz Stats

 Plays Quiz Updated Jul 10, 2019

Score 0/25 Timer 06:00
1 Play Today
Serves Butler/Housekeeper % Correct
Bruce WayneAlfred Pennyworth
75.8%
Brady FamilyAlice
64.4%
Addams FamilyLurch
56.2%
Maxwell SheffieldNiles
48.9%
Phillip BanksGeoffrey
48.2%
Jetson FamilyRosie
42%
Bower FamilyTony Micelli
32.9%
Bertie WoosterJeeves
26.2%
Karen WalkerRosario
18.4%
Gothic MansionWadsworth
15.4%
Tate FamilyBenson du Bois
15.1%
Bill DavisGiles French
14%
Britt ReidKato
12.8%
Serves Butler/Housekeeper % Correct
Drummond FamilyEdna Garrett
11.9%
Jefferson FamilyFlorence Johnston
11.1%
Dr. Frank-N-FurterRiff-Raff
10.9%
Maude FindlayFlorida Evans
6.7%
Rich FamilyCadbury
6.3%
Walsh FamilyRosalita
5%
David ListerKryten
4%
Scrooge McDuckDuckworth
2.7%
Arthur BachHobson
2.2%
Captain HaddockNestor
1.3%
Darlington HallStevens
1%
Mama CarlsonHirsch
0.7%

You're not logged in!

Compare scores with friends on all Sporcle quizzes.
OR
Log In

Sporcle TV

Today on Sporcle TV


Watch our educational content, quiz creation guides, and fun videos on Sporcle TV.

Show Comments

Extras

Top Quizzes Today


Score Distribution

Your Account Isn't Verified!

In order to create a playlist on Sporcle, you need to verify the email address you used during registration. Go to your Sporcle Settings to finish the process.

Report this User

Report this user for behavior that violates our Community Guidelines.

Details: